<?xml version="1.0" encoding="UTF-8"?>
<marc:record xmlns:marc="http://www.loc.gov/MARC21/slim">
   <marc:leader>00000nam a2200000 a 4500</marc:leader>
   <marc:datafield ind1="1" ind2=" " tag="100">
      <marc:subfield code="a">Helms, Ed</marc:subfield>
   </marc:datafield>
   <marc:datafield ind1="1" ind2=" " tag="100">
      <marc:subfield code="a">Clarke, Jason</marc:subfield>
   </marc:datafield>
   <marc:datafield ind1="1" ind2=" " tag="100">
      <marc:subfield code="a">Mara, Kate</marc:subfield>
   </marc:datafield>
   <marc:datafield ind1="1" ind2=" " tag="100">
      <marc:subfield code="a">Curran, John</marc:subfield>
   </marc:datafield>
   <marc:datafield ind1="0" ind2="0" tag="245">
      <marc:subfield code="a">Das Alibi [Bildtonträger]</marc:subfield>
   </marc:datafield>
   <marc:datafield ind1="0" ind2="0" tag="245">
      <marc:subfield code="b">Spiel der Macht</marc:subfield>
   </marc:datafield>
   <marc:datafield ind1="0" ind2="0" tag="245">
      <marc:subfield code="c">Regie: John Curran. Mit Kate Mara, Jason Clarke, Ed Helms ...</marc:subfield>
   </marc:datafield>
   <marc:datafield ind1=" " ind2="1" tag="264">
      <marc:subfield code="b">Alive - Vertrieb und Marketing</marc:subfield>
      <marc:subfield code="c">2018</marc:subfield>
   </marc:datafield>
   <marc:datafield ind1="1" ind2=" " tag="520">
      <marc:subfield code="a">Der Name "Chappaquiddick" bezieht sich auf die gleichnamige Insel in Massachusetts, die am 18. Juli 1969, dem Abend der Mondlandung, zum Schauplatz eines tragischen Unfalls wurde. Senator Edward "Ted" Kennedy, der jüngste Bruder des ehemaligen US-Präsidenten John F. Kennedy, verlor die Kontrolle über seinen Wagen und stürzte von einer Brücke. Er konnte ans rettende Ufer schwimmen, doch seine Beifahrerin, die 28-jährige Mary Jo Kopechne, starb. Er floh von der Unfallstelle und meldete den tödlichen Vorfall erst zehn Stunden später. Ted Kennedy wurde zu einer Gefängnisstrafe verurteilt und der Skandal hatte erhebliche Folgen für seine Karriere ...</marc:subfield>
   </marc:datafield>
   <marc:datafield ind1=" " ind2=" " tag="020">
      <marc:subfield code="a">7613059321892</marc:subfield>
      <marc:subfield code="9">7613059321892</marc:subfield>
   </marc:datafield>
   <marc:datafield ind1=" " ind2=" " tag="500">
      <marc:subfield code="a">Orig. : USA 2017. Sprache: Deutsch (Dolby Digital 5.1), Englisch (Dolby Digital 5.1). Untertitel: Deutsch</marc:subfield>
   </marc:datafield>
   <marc:datafield ind1="0" ind2=" " tag="490">
      <marc:subfield code="v">0</marc:subfield>
   </marc:datafield>
   <marc:datafield ind1=" " ind2=" " tag="300">
      <marc:subfield code="a">1 DVD (103 Min.) : farbig</marc:subfield>
   </marc:datafield>
</marc:record>
